Návrh opatrení na zlepšenie adaptačného programu pre novoprijatých zamestnancov v podniku STAROBRNO, a.s. Brno = Proposal of arrangements to improve adaptation programme for newcomers in the Starobrno, a.s. Brno company : Bakalárska práca

Salvato in:
Dettagli Bibliografici
Autore principale: Hyžová, Marieta, 1971- (Autore)
Altri autori: Hrablik Chovanová, Henrieta, 1977- (xxx)
Natura: Manoscritto Libro
Lingua:slovacco
Pubblicazione: Trnava : STU v Bratislave MTF UPMK, 2009
Soggetti:
Tags: Aggiungi Tag
Nessun Tag, puoi essere il primo ad aggiungerne!!

MARC

LEADER 00000ntm a22000003a 4500
001 stu198365
005 20160719160141.0
008 100118s2009----xo------------------slo-d
040 |a STU  |b slo 
041 0 |a slo 
044 |a xo 
100 1 |a Hyžová, Marieta,  |d 1971-  |4 aut  |X 29671  |7 A000029671 
245 1 |a Návrh opatrení na zlepšenie adaptačného programu pre novoprijatých zamestnancov v podniku STAROBRNO, a.s. Brno = Proposal of arrangements to improve adaptation programme for newcomers in the Starobrno, a.s. Brno company :  |b Bakalárska práca 
260 |a Trnava :  |b STU v Bratislave MTF UPMK,  |c 2009 
500 |a Študijny program: Priemyselné manažérstvo 
500 |a Študijný odbor: 5.2.52 priemyselné inžinierstvo 
650 7 |a kvalita  |2 stusub 
650 7 |a riadenie  |2 stusub 
700 1 |a Hrablik Chovanová, Henrieta,  |d 1977-  |4 xxx  |u M4000  |U MTF Materiálovotechnologická fakulta  |T MTF Ústav priemyselného inžinierstva a manažmentu  |X 2766  |U M4000  |Y 84  |7 A000002766 
996 |b 284M077527  |c M*BP-4233  |l MMSKP  |s P  |a 0  |w stu198365_0001